000 00782nam a2200241Ia 4500
003 OSt
005 20220918200144.0
006 a|||||r|||| 00| 0
007 ta
008 220917b |||||||| |||| 00| 0 eng d
024 _a87,669
037 _cTextual
040 _aARTS
_cARTS
_beng
041 _2eng
_aeng
082 _aT4:4751:Z:3, H2
100 _aPotthoff Edward F.
_992911
245 0 _aExamination in contract law courses
260 _ana
_bna
_c1932
490 _aUniversity of Illinois , bulletins V 39, No. 35.. University of Illinois , bulletins; V. 39, No.35. University of the Provest studies in higher education; 2
650 _aHIGHER EDUCATION
942 _hT4:4751:Z:3, H2
_cTEXL
_2CC
999 _c211359
_d211359